Gaming Quiz

Random Gaming or War Quiz

Halo wars vehicles Quiz Stats

Quiz not verified by Sporcle

Challenge
Share
Tweet
Embed
Score 0/19 Timer 05:00
0 Plays Today
% Correct
Warthog
96.2%
Hornet
88.7%
Banshee
87.2%
Ghost
87.2%
Scorpion
86.5%
Wraith
81.2%
Elephant
80.5%
Vulture
73.7%
Vampire
70.7%
Scarab
69.9%
% Correct
Wolverine
69.2%
Chopper
68.4%
Grizzly
64.7%
Hawk
63.9%
Cobra
62.4%
Locust
61.7%
Gremlin
60.2%
Cyclops
50.4%
Rhino
28.6%

You're not logged in!

Compare scores with friends on all Sporcle quizzes.
Sign Up with Email
OR
Log In

You Might Also Like...

Show Comments

Extras

Top Quizzes Today


Score Distribution

Your Account Isn't Verified!

In order to create a playlist on Sporcle, you need to verify the email address you used during registration. Go to your Sporcle Settings to finish the process.